[Event "Jastrzebskie op"]
[Site "Ustron"]
[Date "2013.08.28"]
[Round "7"]
[White "Pashkouski, Leu"]
[Black "Andriyanov, Ivan"]
[Result "1/2-1/2"]
[WhiteElo "1733"]
[BlackElo "2066"]
[PlyCount "79"]
[EventDate "2013.08.25"]
[EventType "swiss"]
[EventRounds "7"]
[EventCountry "POL"]
[SourceTitle "CBM 156 Extra"]
[Source "ChessBase"]
[SourceDate "2013.10.22"]
[SourceVersion "1"]
[SourceVersionDate "2013.10.22"]
[SourceQuality "1"]

1. e4 c6 2. d4 d5 3. Nc3 dxe4 4. Nxe4 Nd7 5. Ng5 Nb6 6. N1f3 Nh6 7. Bd3 g6 8. c3 Bg7 9. 0-0 0-0 10. Qe2 Bf5 11. Ne4 Qc7 12. Re1 Nd5 13. Ng3 Bxd3 14. Qxd3 c5 15. dxc5 Qxc5 16. Ne4 Qa5 17. Bxh6 Bxh6 18. b4 Qd8 19. Rad1 Nb6 20. Qe2 Qc7 21. Nc5 e6 22. Qe4 Rab8 23. c4 Qf4 24. Qxf4 Bxf4 25. Re4 Bc7 26. a4 Rfd8 27. Red4 Rxd4 28. Rxd4 e5 29. Rh4 Bd6 30. a5 Bxc5 31. axb6 Bxb4 32. bxa7 Ra8 33. Nxe5 Rxa7 34. g3 Bc3 35. Nf3 Ra2 36. c5 Bf6 37. Rc4 h5 38. c6 bxc6 39. Rxc6 Kg7 40. h4 1/2-1/2